000 01140nam a2200241Ia 4500
999 _c38424
_d38424
001 4435
003 GE_BSU
005 20190517185129.0
008 181216s1986||||ge |||||||||||||| ||geo||
040 _cGE_BSU
041 _ageo
080 _a53(076) ჩ–48
100 _aჩერტოვი, ა.
_91334
245 _aფიზიკის ამოცანათა კრებული:(საცნობარო მასალებითა და ამოცანების ამოხსნის ნიმუშებით.) /
_hა. ჩერტოვი ; ა. ვორობიოვი ; მ. ფიოდოროვი ; რედ : ი.სემიკინა.
264 _aთბილისი :
_bგანათლება,
_c1986.
300 _a600 გვ .:
_c21 სმ.
653 _aფიზიკის ამოცანათა კრებული
653 _aფიზიკა
700 _aვორობიოვი,ა
_91335
700 _aფიოდოროვი,მ
_91336
700 _aსემიკინა, ი
_dრედაქტორი
_91337
942 _cBK
_2udc